zpět

Detail výsledku týmu

Tankovna U Učíků, Vrchlabí

Datum a čas kvízu

30 Celkem bodů Celkový počet nahraných bodů na tomto kvízu bez doplňovacích otázek.
6. Pořadí na kvízu Konečné umístění týmu na tomto kvízu.

Zaznamenané odpovědi

# Otázka Odpověď Body Výsledky
1. Jedna česká politička se pochl... Alena Schillerová, lev 1
2. Minulý týden jsme byli informo... Magna Charta (Libertatum) 0
3. V sobotu se konalo finále 69.... Švýcarsko, Adam Pavlovčin (Adonxs) 0
4. Minulý týden jsme se dozvěděli... Kofola 0
5. Jak se jmenuje trenér, který p... Luboš Loučka 0
6. Podíváme se na pět reklam, z n... sázení (sázková kancelář, hazard) 0
7. Tento spot přijala veřejnost o... fazole 1
8. Spot je z roku 2014. Rada pro... T-Mobile 1
9. Tato televizní reklama na Fido... Karel Zich 1
10. Spot režiséra Jakuba Koháka se... ÚAMK 0